[Event "Saint Louis Blitz 2024"]
[Site "Saint Louis USA"]
[Date "2024.08.15"]
[Round "6.2"]
[White "Nepomniachtchi, Ian"]
[Black "Caruana, Fabiano"]
[Result "1-0"]
[WhiteTitle "GM"]
[BlackTitle "GM"]
[WhiteElo "2767"]
[BlackElo "2793"]
[WhiteFideId "4168119"]
[BlackFideId "2020009"]
[EventDate "2024.08.15"]

1. c4 e5 2. Nc3 Bb4 3. Nd5 a5 4. a3 Bc5 5. e3 c6 6. d4 Ba7 7. Nc3 d6 8. dxe5
dxe5 9. Qxd8+ Kxd8 10. Nf3 f6 11. b4 Bb6 12. Rb1 axb4 13. axb4 Be6 14. Be2 Nd7
15. O-O Nh6 16. Rd1 Nf7 17. c5 Bc7 18. b5 Ke7 19. Ne4 Bf5 20. Nfd2 Rhd8 21. g4
Be6 22. bxc6 bxc6 23. Rb7 Rdc8 24. Nc4 Nd8 25. Rb1 Ra4 26. Ned6 Rca8 27. Bd2 g6
28. Bb4 Rb8 29. Nb6 Bxb6 30. cxb6 c5 31. Be1 Nxb6 32. f3 Ra2 33. Bf1 Nc6 34. Ne4
Na4 35. Bb5 Rb2 36. Bxc6 Rxb1 37. Bxa4 Rxd1 38. Bxd1 Rb1 39. Nc3 Ra1 40. Kf2 h5
41. gxh5 gxh5 42. h4 Ra3 43. Bc2 Bb3 44. Bg6 Bf7 45. Be4 Be6 46. Ke2 Bc4+ 47.
Kd2 Be6 48. Bd3 Ra8 49. Bf2 Rg8 50. Bf1 Rd8+ 51. Kc1 Ra8 52. Kb2 Rb8+ 53. Kc2
Ra8 54. e4 Kd6 55. Kb2 Rb8+ 56. Kc1 Ra8 57. Kd2 Ra1 58. Be2 Ra8 59. Bb5 Rg8 60.
Ke1 Rb8 61. Kd2 Bb3 62. Bf1 Be6 63. Kc1 Ra8 64. Kb2 Rb8+ 65. Kc2 Ra8 66. Be3 Rg8
67. Kd2 Rg3 68. Be2 Rg2 69. Ke1 Rg8 70. Nb1 Ra8 71. Nc3 Ra1+ 72. Kd2 Ra8 73.
Nb5+ Kc6 74. Nc3 Kd6 75. f4 Bg4 76. fxe5+ fxe5 77. Bc4 Ra1 78. Bd5 Rh1 79. Nb5+
Kd7 80. Bg5 Be6 81. Kc3 Rh2 82. Kc4 Rc2+ 83. Nc3 Bxd5+ 84. exd5 e4 85. Be3 Rh2
86. Bg5 Rc2 87. Kb3 Rg2 88. Nxe4 Rg4 89. Nf6+ Kd6 90. Nxg4 hxg4 91. Bf4+ Kxd5
92. Bg3 Ke4 93. Kc4 Kf3 94. Bb8 1-0

[Event "Saint Louis Blitz 2024"]
[Site "Saint Louis USA"]
[Date "2024.08.15"]
[Round "6.3"]
[White "Abdusattorov, Nodirbek"]
[Black "Firouzja, Alireza"]
[Result "0-1"]
[WhiteTitle "GM"]
[BlackTitle "GM"]
[WhiteElo "2762"]
[BlackElo "2751"]
[WhiteFideId "14204118"]
[BlackFideId "12573981"]
[EventDate "2024.08.15"]

1. e4 c6 2. d4 d6 3. Nc3 Qc7 4. Nf3 e5 5. a4 Nf6 6. Bc4 Be7 7. O-O Bg4 8. Be3
Nbd7 9. Be2 O-O 10. a5 Rfe8 11. d5 cxd5 12. exd5 a6 13. Na4 Rac8 14. c3 e4 15.
Nd4 Bxe2 16. Nxe2 Ng4 17. Bd4 Bf6 18. h3 Bxd4 19. Qxd4 Ngf6 20. b4 Re5 21. c4
Rg5 22. Rac1 Ne5 23. Qe3 h6 24. Nb6 Re8 25. Kh1 Nd3 26. Rb1 Nd7 27. f4 Rg6 28.
f5 Rg5 29. Nxd7 Qxd7 30. f6 g6 31. Nf4 Ne5 32. Qxe4 Rf5 33. Nd3 Nf3 34. Qg4 h5
35. Qg3 Nd2 36. Rxf5 Qxf5 37. Re1 Ne4 38. Qe3 Nxf6 39. Qg3 Ne4 40. Qe3 h4 41.
Kg1 Nf6 42. Qd4 Rxe1+ 43. Nxe1 Qb1 44. Qxh4 Qxb4 45. Nf3 Qc3 46. Qf4 Ne8 47. Ng5
Qf6 48. Qe3 Qd8 49. Ne4 Qe7 50. Qd4 f5 51. Nd2 Nf6 52. Nf3 Ne4 53. Qb6 Nc5 54.
Qb2 Qe3+ 55. Kh1 Qe7 56. h4 Ne4 57. Kg1 Qg7 58. Qb6 Qe7 59. Qd4 Qf6 60. Qa7 Qe7
61. Qd4 Nf6 62. Qb2 Ng4 63. Qd2 Qe4 64. Qe1 Ne3 65. Qg3 Qb1+ 66. Ne1 Ng4 67. Kf1
Qb4 68. Qf4 Qxc4+ 69. Qxc4 Ne3+ 70. Ke2 Nxc4 71. Nd3 Nxa5 72. Nf4 Kf7 73. Kd3 b5
74. Ne6 Nb7 75. Kd4 b4 76. Kc4 a5 77. Nd4 Nc5 78. Nb5 Ke7 79. Nd4 b3 80. Kc3 a4
81. h5 gxh5 82. Nxf5+ Kd7 83. Kb2 Nd3+ 84. Ka3 b2 85. Ka2 a3 86. Ne3 Nc1+ 87.
Kb1 Ne2 88. Nd1 h4 89. Ka2 Nf4 90. Ne3 Nxg2 91. Nxg2 h3 0-1

[Event "Saint Louis Blitz 2024"]
[Site "Saint Louis USA"]
[Date "2024.08.15"]
[Round "6.4"]
[White "Vachier-Lagrave, Maxime"]
[Black "So, Wesley"]
[Result "1/2-1/2"]
[WhiteTitle "GM"]
[BlackTitle "GM"]
[WhiteElo "2721"]
[BlackElo "2751"]
[WhiteFideId "623539"]
[BlackFideId "5202213"]
[EventDate "2024.08.15"]

1. e4 e5 2. Nf3 Nc6 3. Bb5 Nf6 4. O-O Nxe4 5. d4 Nd6 6. Bxc6 dxc6 7. dxe5 Nf5 8.
Qxd8+ Kxd8 9. Nc3 Ke8 10. Ne4 b6 11. Bf4 Be7 12. Rfe1 Be6 13. Nfg5 Bxg5 14. Nxg5
Ke7 15. Rad1 h6 16. Nxe6 Kxe6 17. g4 Nh4 18. Rd3 h5 19. h3 hxg4 20. hxg4 Rad8
21. Ree3 Ng6 22. Bg3 Ne7 23. f4 g6 24. Kg2 c5 25. Kf3 Nd5 26. Re2 c4 27. Rd1 c3
28. b3 Nb4 29. Rxd8 Rxd8 30. a3 Nc6 31. Re3 Rd2 32. Rxc3 Rxc2 33. Rxc2 Nd4+ 34.
Ke4 Nxc2 35. f5+ gxf5+ 36. gxf5+ Kd7 37. a4 c5 38. a5 bxa5 39. Bf2 Na1 40. Bxc5
Nxb3 41. Ba3 a4 42. Kd5 a5 43. f6 Ke8 44. e6 fxe6+ 45. Kxe6 Nd4+ 46. Kd5 Kf7 47.
Kxd4 Kxf6 48. Kc4 Kg6 49. Bb4 axb4 50. Kxb4 Kf6 51. Kxa4 1/2-1/2

[Event "Saint Louis Blitz 2024"]
[Site "Saint Louis USA"]
[Date "2024.08.15"]
[Round "6.5"]
[White "Praggnanandhaa, R"]
[Black "Aronian, Levon"]
[Result "0-1"]
[WhiteTitle "GM"]
[BlackTitle "GM"]
[WhiteElo "2749"]
[BlackElo "2729"]
[WhiteFideId "25059530"]
[BlackFideId "13300474"]
[EventDate "2024.08.15"]

1. d4 Nf6 2. Bg5 d5 3. e3 c5 4. Bxf6 gxf6 5. dxc5 e6 6. Nf3 Nd7 7. c4 dxc4 8.
Bxc4 Nxc5 9. Qc2 a6 10. a4 Qa5+ 11. Nbd2 Bd7 12. O-O Rc8 13. Be2 Nxa4 14. Qb1
Qb4 15. Ne4 Be7 16. Rd1 Qxb2 17. Qxb2 Nxb2 18. Rdb1 Bc6 19. Nc3 Nc4 20. Nd4 Nd6
21. Nxc6 Rxc6 22. Rb3 f5 23. Bf3 Rc7 24. Rab1 Bf6 25. Ne2 Kd7 26. Bxb7 Nxb7 27.
Rxb7 Ra8 28. R7b4 a5 29. Ra4 Be7 30. Nf4 Bd6 31. Rd1 Ke7 32. Nd3 Rb7 33. Kf1 Rb5
34. Rc1 Rab8 35. Ke2 Rd5 36. Rc3 Kf6 37. h3 h5 38. Kf3 Rb1 39. Ke2 Rg1 40. g3
Rb1 41. Kf3 Bb4 42. Nxb4 Rxb4 43. Ra2 a4 44. Raa3 Rdb5 45. Rc7 Ra5 46. Rcc3 Rd5
47. Rc7 Rd2 48. Ra7 Rbb2 49. e4 Rxf2+ 50. Ke3 Rbe2+ 0-1

[Event "Saint Louis Blitz 2024"]
[Site "Saint Louis USA"]
[Date "2024.08.15"]
[Round "7.1"]
[White "Dominguez Perez, Leinier"]
[Black "Abdusattorov, Nodirbek"]
[Result "0-1"]
[WhiteTitle "GM"]
[BlackTitle "GM"]
[WhiteElo "2748"]
[BlackElo "2762"]
[WhiteFideId "3503240"]
[BlackFideId "14204118"]
[EventDate "2024.08.15"]

1. e4 e5 2. Nf3 Nc6 3. Bc4 Nf6 4. d3 Be7 5. O-O O-O 6. a4 d6 7. a5 a6 8. Re1 Kh8
9. Nc3 Bg4 10. h3 Bh5 11. Be3 Qc8 12. Kh2 Nd8 13. d4 exd4 14. Bxd4 Ne6 15. Be3
c6 16. Be2 d5 17. exd5 cxd5 18. Nxd5 Rd8 19. c4 Nxd5 20. cxd5 Bc5 21. Rc1 Qb8+
22. Kg1 Bxe3 23. fxe3 Qa7 24. Qb3 Nf4 25. Bc4 Nxh3+ 26. Kh2 Nf2 27. e4 Ng4+ 28.
Kh1 Rac8 29. e5 Qf2 30. d6 Qg3 31. Kg1 Qf2+ 32. Kh1 Qg3 33. Kg1 Nf2 34. Qe3 Nh3+
35. Kf1 Nf4 36. Qf2 Qg4 37. Rc3 Re8 38. Nh2 Qg5 39. Nf3 Bxf3 40. Rxf3 Rxc4 41.
d7 Rd8 42. g3 Ne6 43. Rxf7 h6 44. Rd1 Qh5 45. g4 Qh1+ 46. Ke2 Re4+ 47. Kd2 Qh3
48. Rf1 Rd4+ 49. Kc1 Qd3 50. b3 Qxb3 51. Qb2 Rc4+ 52. Kb1 Qd3+ 0-1

[Event "Saint Louis Blitz 2024"]
[Site "Saint Louis USA"]
[Date "2024.08.15"]
[Round "7.3"]
[White "Caruana, Fabiano"]
[Black "Vachier-Lagrave, Maxime"]
[Result "1/2-1/2"]
[WhiteTitle "GM"]
[BlackTitle "GM"]
[WhiteElo "2793"]
[BlackElo "2721"]
[WhiteFideId "2020009"]
[BlackFideId "623539"]
[EventDate "2024.08.15"]

1. d4 Nf6 2. c4 g6 3. Nf3 Bg7 4. g3 c6 5. Bg2 d5 6. O-O O-O 7. Nc3 Ne4 8. Qb3
dxc4 9. Qxc4 Bf5 10. Rd1 Nd7 11. Qb3 Nd6 12. Nh4 Be6 13. Qc2 Qb6 14. Nf3 Bg4 15.
e4 e5 16. d5 Rac8 17. Be3 Qa6 18. h3 Bxf3 19. Bxf3 cxd5 20. Rxd5 Nf6 21. Be2 Qc6
22. Rc5 Qd7 23. Rd1 Qe6 24. Qa4 a6 25. Kg2 b5 26. Qxa6 Nc4 27. Qxe6 Nxe3+ 28.
fxe3 fxe6 29. Rxc8 Rxc8 30. Bxb5 Bh6 31. Rd3 Kf7 32. a4 Bf8 33. a5 Bc5 34. Kf3
Rb8 35. a6 Ke7 36. b4 Ba7 37. Bc6 Rxb4 38. Nb5 Bb6 39. a7 Bxa7 40. Nxa7 h5 41.
Nc8+ Kf7 42. Ra3 g5 43. Ra7+ Kg6 44. g4 Rb2 45. Re7 h4 46. Be8+ Nxe8 47. Rxe8
Kf6 48. Rf8+ Kg7 49. Re8 Kf6 50. Rf8+ Kg7 51. Rd8 Rh2 52. Rd7+ Kf6 53. Nd6 Rxh3+
54. Kf2 Rg3 55. Ne8+ Kg6 56. Rg7+ Kh6 57. Re7 Kg6 58. Rxe6+ Kf7 59. Rxe5 Rxg4
60. Nd6+ Kf6 61. Rf5+ Ke6 62. Ne8 h3 63. Ng7+ Ke7 64. Ra5 Rg2+ 65. Kf1 Kf6 66.
Nf5 g4 67. Nh4 Rb2 68. Rh5 g3 69. e5+ Ke6 70. Rh6+ Kd5 71. e6 Rb1+ 72. Ke2 h2
73. Ng2 h1=Q 74. Rxh1 Rxh1 75. Kf3 Kxe6 76. Kxg3 Rh8 77. Nf4+ Kf5 78. Kf3 Re8
79. Ne2 Rxe3+ 80. Kxe3 1/2-1/2

[Event "Saint Louis Blitz 2024"]
[Site "Saint Louis USA"]
[Date "2024.08.15"]
[Round "7.4"]
[White "Firouzja, Alireza"]
[Black "Nepomniachtchi, Ian"]
[Result "1-0"]
[WhiteTitle "GM"]
[BlackTitle "GM"]
[WhiteElo "2751"]
[BlackElo "2767"]
[WhiteFideId "12573981"]
[BlackFideId "4168119"]
[EventDate "2024.08.15"]

1. e4 e5 2. Nf3 Nf6 3. Nxe5 d6 4. Nf3 Nxe4 5. Bd3 d5 6. Qe2 Be7 7. Bxe4 dxe4 8.
Qxe4 O-O 9. O-O c5 10. d3 Nc6 11. Nc3 Re8 12. Be3 Bf8 13. Qf4 b6 14. Rad1 Bd6
15. Qg5 Bb7 16. Qh5 g6 17. Qh3 Bc8 18. Qh6 Bf8 19. Qf4 Bd6 20. Qg5 Qxg5 21. Bxg5
Bg4 22. Ne4 Bxf3 23. gxf3 Be5 24. c3 f5 25. Nf6+ Bxf6 26. Bxf6 Kf7 27. Bg5 Re2
28. d4 cxd4 29. cxd4 Rxb2 30. Rfe1 Re8 31. d5 Rxe1+ 32. Rxe1 Nd4 33. Re7+ Kf8
34. Kg2 h6 35. Bf6 Rd2 36. Rxa7 Ne2 37. Bg7+ Ke8 38. Bxh6 Rxd5 39. Bg5 Kf8 40.
Ra6 Rd1 41. f4 Rb1 42. Ra7 Nd4 43. Be7+ Kg8 44. Bf6 Ne6 45. Be5 Rb4 46. Kg3 Rc4
47. h4 Rc6 48. Kf3 Kf8 49. Ke3 Ke8 50. Rh7 Rc4 51. Rb7 Re4+ 52. Kf3 Ra4 53. Rxb6
Kf7 54. Rb7+ Ke8 55. Bd6 Nd4+ 56. Ke3 Nc2+ 57. Kd3 Rxa2 58. Re7+ Kd8 59. Re2 Kd7
60. Bc5 Ne1+ 61. Rxe1 1-0

[Event "Saint Louis Blitz 2024"]
[Site "Saint Louis USA"]
[Date "2024.08.15"]
[Round "7.5"]
[White "So, Wesley"]
[Black "Praggnanandhaa, R"]
[Result "1-0"]
[WhiteTitle "GM"]
[BlackTitle "GM"]
[WhiteElo "2751"]
[BlackElo "2749"]
[WhiteFideId "5202213"]
[BlackFideId "25059530"]
[EventDate "2024.08.15"]

1. c4 Nf6 2. g3 e5 3. Bg2 d5 4. cxd5 Nxd5 5. Nf3 Nc6 6. O-O Nb6 7. Nc3 Be7 8. d3
O-O 9. Be3 Re8 10. Rc1 Bf8 11. Bg5 f6 12. Be3 Be6 13. Nd2 Rb8 14. Nb3 Nd5 15.
Bc5 Bf7 16. Bxf8 Rxf8 17. Nxd5 Bxd5 18. Bxd5+ Qxd5 19. Rc5 Qf7 20. Qc2 Rfd8 21.
Rc1 Rd6 22. Qc4 Qxc4 23. R5xc4 Kf8 24. Kf1 Ke8 25. f4 exf4 26. gxf4 Kd8 27. Kf2
g6 28. h4 h5 29. Nc5 Ne7 30. Ne4 Rc6 31. Rxc6 bxc6 32. b3 f5 33. Nc5 Rb4 34. Kf3
Nd5 35. Ne6+ Ke7 36. Rxc6 Rb6 37. Nd4 Kd7 38. Rc5 Nf6 39. Rc4 a6 40. e4 fxe4+
41. dxe4 Ng4 42. e5 Nh6 43. Ke4 Ng4 44. Kf3 Nh2+ 45. Ke4 Ng4 46. Rc2 Kd8 47. f5
gxf5+ 48. Nxf5 Rb5 49. Rd2+ Ke8 50. e6 Re5+ 51. Kf4 Re1 52. Ng7+ Ke7 53. Rd7+
Kf6 54. Nxh5+ Kxe6 55. Rxc7 Ne5 56. Ng7+ Kd5 57. Rc3 Kd4 58. Rg3 Rf1+ 59. Kg5
Ke4 60. h5 Nf3+ 61. Kh6 Kf4 62. Rg6 a5 63. Ra6 Rd1 64. Rf6+ Kg4 65. Rg6+ Kf4 66.
Ne6+ Kf5 67. Ng7+ Kf4 68. Rc6 Ne5 69. Rf6+ Kg4 70. Rf5 Nf3 71. Kh7 Ng5+ 72. Kg6
Rd6+ 73. Rf6 Rd5 74. Rc6 Nh3 75. Rc4+ Nf4+ 76. Kh7 Kg5 77. h6 Re5 78. Rc6 Nd5
79. Rg6+ Kf4 80. Ne6+ Kf5 81. Kg7 Ne7 82. Rf6+ Ke4 83. h7 1-0

[Event "Saint Louis Blitz 2024"]
[Site "Saint Louis USA"]
[Date "2024.08.15"]
[Round "8.1"]
[White "Caruana, Fabiano"]
[Black "Firouzja, Alireza"]
[Result "1/2-1/2"]
[WhiteTitle "GM"]
[BlackTitle "GM"]
[WhiteElo "2793"]
[BlackElo "2751"]
[WhiteFideId "2020009"]
[BlackFideId "12573981"]
[EventDate "2024.08.15"]

1. e4 e5 2. Nf3 Nc6 3. Bc4 Nf6 4. d3 Bc5 5. O-O O-O 6. h3 d6 7. c3 Bb6 8. a4 a5
9. Nbd2 Ne7 10. Re1 h6 11. Ba2 c6 12. d4 Ng6 13. Qc2 Re8 14. Nc4 Bc7 15. dxe5
Nxe5 16. Nfxe5 dxe5 17. Be3 Be6 18. Bc5 Nh5 19. Ne3 Bxa2 20. Rxa2 Nf4 21. Rd1
Qg5 22. Kh2 Rad8 23. Raa1 Ne6 24. Ba3 Qf4+ 25. Kg1 Ng5 26. Rxd8 Bxd8 27. Rd1
Nxe4 28. b3 Bh4 29. Ng4 h5 30. Bc1 Qf5 31. f3 hxg4 32. Qxe4 Qxe4 33. fxe4 gxh3
34. gxh3 Rd8 35. Rxd8+ Bxd8 36. c4 g6 37. Kg2 f5 38. Kf3 Kf7 39. Bd2 Ke6 40. Bc1
Be7 41. Be3 Bb4 42. Bb6 Kd7 43. Ba7 c5 44. Bb6 Ke6 45. Bd8 Bc3 46. Bb6 Bb4 47.
Bd8 Bc3 48. Bb6 Bb4 49. Bd8 Bc3 1/2-1/2

[Event "Saint Louis Blitz 2024"]
[Site "Saint Louis USA"]
[Date "2024.08.15"]
[Round "8.3"]
[White "Abdusattorov, Nodirbek"]
[Black "Aronian, Levon"]
[Result "0-1"]
[WhiteTitle "GM"]
[BlackTitle "GM"]
[WhiteElo "2762"]
[BlackElo "2729"]
[WhiteFideId "14204118"]
[BlackFideId "13300474"]
[EventDate "2024.08.15"]

1. e4 e6 2. d4 d5 3. e5 c5 4. c3 Nc6 5. Nf3 Bd7 6. Be2 Nge7 7. O-O Nf5 8. dxc5
Bxc5 9. Bd3 Nh4 10. Nbd2 Ng6 11. Nb3 Bb6 12. Bxg6 hxg6 13. Bg5 f6 14. exf6 gxf6
15. Bf4 e5 16. Bg3 Be6 17. Re1 Qd7 18. a4 a6 19. Nbd2 g5 20. b4 g4 21. b5 axb5
22. axb5 Rxa1 23. Qxa1 Ne7 24. Nxe5 fxe5 25. c4 Bd4 26. Qa8+ Qc8 27. Qa3 Ng6 28.
cxd5 Bxd5 29. Rc1 Qd7 30. Nf1 Kf7 31. Ne3 Be6 32. Rd1 Qxb5 33. Rc1 Rc8 34. Re1
Qc5 35. Qa4 b5 36. Qd1 Bxe3 37. fxe3 b4 38. h4 gxh3 39. Qh5 Kg7 40. Qg5 Rf8 41.
Ra1 Rf5 42. Qd8 Qxe3+ 43. Kh2 hxg2 0-1

[Event "Saint Louis Blitz 2024"]
[Site "Saint Louis USA"]
[Date "2024.08.15"]
[Round "8.4"]
[White "Vachier-Lagrave, Maxime"]
[Black "Praggnanandhaa, R"]
[Result "1-0"]
[WhiteTitle "GM"]
[BlackTitle "GM"]
[WhiteElo "2721"]
[BlackElo "2749"]
[WhiteFideId "623539"]
[BlackFideId "25059530"]
[EventDate "2024.08.15"]

1. e4 e5 2. Nf3 Nc6 3. Bb5 a6 4. Ba4 Nge7 5. c3 Ng6 6. d4 exd4 7. cxd4 Bb4+ 8.
Nc3 d5 9. O-O dxe4 10. Nxe4 O-O 11. d5 Nce7 12. a3 Ba5 13. b4 Bb6 14. Bb3 Bg4
15. h3 Bxf3 16. Qxf3 Bd4 17. Ra2 Nc8 18. Rd1 Be5 19. Bg5 Qe8 20. Re2 Nd6 21.
Nf6+ gxf6 22. Bxf6 Bxf6 23. Rxe8 Nxe8 24. d6 cxd6 25. Qxb7 Rd8 26. Qxa6 Be5 27.
b5 Nc7 28. Qc6 Ne6 29. Bxe6 fxe6 30. b6 Ne7 31. Qc4 Nd5 32. b7 Rb8 33. Rb1 Nc3
34. Qxe6+ Kh8 35. Rb6 Ne2+ 36. Kf1 Ng3+ 37. Ke1 Ne4 38. f3 Nc5 39. Qe7 Rg8 40.
Qc7 Ne6 41. Qc6 Nd4 42. Qe4 Rxg2 43. f4 Re2+ 44. Qxe2 Nxe2 45. fxe5 Nf4 46. exd6
Nd3+ 47. Kd1 Nc5 48. Rc6 Nxb7 49. Rb6 Rd8 50. Rxb7 Rxd6+ 51. Kc2 Ra6 52. Rb3 Kg7
53. Rf3 Ra8 54. Kb3 Rb8+ 55. Ka2 Ra8 56. Rf4 Kg6 57. h4 h5 58. a4 Kh6 59. Kb3
Rb8+ 60. Kc3 Ra8 61. Kb4 Rg8 62. a5 Rg4 63. Rc4 1-0

[Event "Saint Louis Blitz 2024"]
[Site "Saint Louis USA"]
[Date "2024.08.15"]
[Round "8.5"]
[White "Nepomniachtchi, Ian"]
[Black "Dominguez Perez, Leinier"]
[Result "1/2-1/2"]
[WhiteTitle "GM"]
[BlackTitle "GM"]
[WhiteElo "2767"]
[BlackElo "2748"]
[WhiteFideId "4168119"]
[BlackFideId "3503240"]
[EventDate "2024.08.15"]

1. c4 c6 2. Nf3 d5 3. e3 Nf6 4. Nc3 a6 5. d4 e6 6. b3 Bb4 7. Bd2 Nbd7 8. Bd3 O-O
9. O-O Bd6 10. Qc2 e5 11. cxd5 cxd5 12. dxe5 Nxe5 13. Nxe5 Bxe5 14. f4 Bb8 15.
Ne2 Ba7 16. Qb2 Re8 17. Nd4 Ne4 18. Be1 Qf6 19. b4 Nd6 20. Bf2 Bxd4 21. Qxd4
Qxd4 22. exd4 Bf5 23. Bxf5 Nxf5 24. Rfc1 h5 25. Rc5 Rad8 26. g3 Re2 27. a4 g6
28. b5 Rb2 29. Re1 Rb4 30. Re5 axb5 31. axb5 Ra8 32. Re2 Rd8 33. Re5 Rb2 34. Rc7
Ra8 35. Rxb7 Raa2 36. Be1 Rg2+ 37. Kf1 Rxh2 38. Kg1 Nxd4 39. Re8+ Kg7 40. Bc3
Rhd2 41. Bxd2 Rxd2 42. Re3 Rb2 43. b6 Nf5 44. Rd3 d4 45. Rb8 h4 46. gxh4 Nxh4
47. Kf1 Nf5 48. Ke1 Ne3 49. Rd2 Rb3 50. b7 Kf6 51. Ke2 Nf5 52. Rd3 Rb2+ 53. Kf3
Rb4 54. Ra3 Nd6 55. Ra6 Ke7 56. Ra7 Rb3+ 57. Kg2 Kd7 58. Rf8 Nxb7 59. Rxf7+ Kc6
60. Ra6+ Kd5 61. Rxg6 d3 62. Rg8 d2 63. Rd7+ Nd6 64. Rxd6+ Kxd6 65. Rd8+ Ke6 66.
Rxd2 Kf5 67. Rd4 Ra3 68. Kf2 Rb3 69. Ke2 Ra3 70. Rd3 Rxd3 71. Kxd3 Kxf4 1/2-1/2

[Event "Saint Louis Blitz 2024"]
[Site "Saint Louis USA"]
[Date "2024.08.15"]
[Round "9.1"]
[White "Aronian, Levon"]
[Black "Nepomniachtchi, Ian"]
[Result "0-1"]
[WhiteTitle "GM"]
[BlackTitle "GM"]
[WhiteElo "2729"]
[BlackElo "2767"]
[WhiteFideId "13300474"]
[BlackFideId "4168119"]
[EventDate "2024.08.15"]

1. e4 c5 2. Nf3 d6 3. Bc4 Nf6 4. d3 e6 5. O-O Be7 6. Nbd2 a6 7. a4 Nc6 8. c3 O-O
9. Re1 b6 10. Bb3 Bb7 11. Nf1 b5 12. Ng3 b4 13. h3 Rc8 14. Bf4 Re8 15. Qd2 Qa5
16. Rac1 Bf8 17. Bg5 Nd7 18. d4 bxc3 19. bxc3 cxd4 20. cxd4 h6 21. Be3 d5 22.
exd5 exd5 23. Qd3 Nf6 24. Qf5 Ne7 25. Qb1 Rxc1 26. Rxc1 Bc8 27. Ne5 Be6 28. Qd3
Rc8 29. Rxc8 Nxc8 30. Bc2 Nd6 31. Nh5 Bf5 32. Qe2 Bxc2 33. Nxf6+ gxf6 34. Nd7
Bg6 35. Nxf6+ Kh8 36. Qg4 Qd8 37. Bf4 Bg7 38. Nxd5 Nf5 39. Ne3 Nxd4 40. Kh2 Kh7
41. Bg3 Qe8 42. Nd5 Qe6 43. Nc7 Qxg4 44. hxg4 Bd3 45. f3 Ne6 46. Nd5 Bc4 47. Nb6
Bb3 48. Be1 Bd4 49. a5 Bxb6 50. axb6 Bd5 51. Kg3 Kg6 52. Kf2 Nd4 53. Bc3 Nb5 54.
Bb4 Nd4 55. Bc3 Nb3 56. Ke3 a5 57. g3 a4 58. Bb4 Bb7 59. f4 h5 60. f5+ Kg5 61.
gxh5 Kxh5 62. Kf4 Nd4 63. g4+ Kh6 64. g5+ Kh7 65. Bc3 Ne2+ 0-1

[Event "Saint Louis Blitz 2024"]
[Site "Saint Louis USA"]
[Date "2024.08.15"]
[Round "9.2"]
[White "Firouzja, Alireza"]
[Black "Vachier-Lagrave, Maxime"]
[Result "1/2-1/2"]
[WhiteTitle "GM"]
[BlackTitle "GM"]
[WhiteElo "2751"]
[BlackElo "2721"]
[WhiteFideId "12573981"]
[BlackFideId "623539"]
[EventDate "2024.08.15"]

1. d4 Nf6 2. c4 g6 3. g3 c6 4. Bg2 d5 5. Nf3 Bg7 6. O-O O-O 7. cxd5 cxd5 8. Ne5
Nc6 9. Nc3 Bf5 10. Bf4 Rc8 11. Rc1 h5 12. e3 h4 13. g4 Be6 14. h3 Qa5 15. a3
Nxe5 16. Bxe5 Nd7 17. Bxg7 Kxg7 18. Qb3 Qb6 19. Qxb6 Nxb6 20. Nb5 Bd7 21. Nc3 e6
22. b3 g5 23. Na2 a5 24. a4 Rxc1 25. Rxc1 Rc8 26. Rxc8 Nxc8 27. Nc3 Nd6 28. f4
f6 29. fxg5 fxg5 30. Bf1 Be8 31. Bd3 b6 32. Kf2 Bc6 33. Kf3 Kf6 34. Kf2 Be8 35.
Ke2 Bc6 36. Kf2 e5 37. Be2 Ne4+ 38. Nxe4+ dxe4 39. dxe5+ Kxe5 40. Ke1 Kd6 41.
Kd2 Kc5 42. Kc3 b5 43. axb5 Bxb5 44. Bxb5 Kxb5 45. Kc2 Kb4 46. Kb2 Kb5 47. Kc2
Kb4 48. Kb2 Kb5 49. Kc2 1/2-1/2

[Event "Saint Louis Blitz 2024"]
[Site "Saint Louis USA"]
[Date "2024.08.15"]
[Round "9.4"]
[White "Dominguez Perez, Leinier"]
[Black "Caruana, Fabiano"]
[Result "1-0"]
[WhiteTitle "GM"]
[BlackTitle "GM"]
[WhiteElo "2748"]
[BlackElo "2793"]
[WhiteFideId "3503240"]
[BlackFideId "2020009"]
[EventDate "2024.08.15"]

1. e4 e5 2. Nf3 Nc6 3. Bc4 Nf6 4. d3 Be7 5. O-O O-O 6. a4 d6 7. a5 a6 8. Re1 h6
9. h3 Re8 10. Nc3 Bf8 11. Bd2 Be6 12. Bxe6 Rxe6 13. Nd5 Nb8 14. c4 Nbd7 15. b4
Nh7 16. Be3 g6 17. Qc2 c6 18. Nc3 Re8 19. Rab1 Bg7 20. Na4 Nhf8 21. Bd2 Ne6 22.
b5 cxb5 23. cxb5 Rc8 24. Qa2 Ndc5 25. Nxc5 Nxc5 26. bxa6 bxa6 27. Qd5 Rb8 28.
Rb4 Qc7 29. Reb1 Rxb4 30. Bxb4 Rb8 31. Nd2 Rb5 32. Bxc5 Rxc5 33. Qa8+ Kh7 34.
Nc4 Rb5 35. Rxb5 axb5 36. Ne3 b4 37. Nc4 b3 38. Qa6 d5 39. exd5 e4 40. d6 Qc5
41. d7 b2 42. Qb7 exd3 43. d8=Q Qxc4 44. Qbb8 h5 45. Kh2 Qc2 46. Qg8+ Kh6 47.
Qf4+ g5 48. Qf5 1-0

[Event "Saint Louis Blitz 2024"]
[Site "Saint Louis USA"]
[Date "2024.08.15"]
[Round "9.5"]
[White "So, Wesley"]
[Black "Abdusattorov, Nodirbek"]
[Result "1-0"]
[WhiteTitle "GM"]
[BlackTitle "GM"]
[WhiteElo "2751"]
[BlackElo "2762"]
[WhiteFideId "5202213"]
[BlackFideId "14204118"]
[EventDate "2024.08.15"]

1. c4 e6 2. g3 Nf6 3. Bg2 d5 4. Nf3 d4 5. d3 c5 6. e4 Nc6 7. e5 Nd7 8. Qe2 Be7
9. h4 Rb8 10. O-O a6 11. Bg5 b5 12. Nbd2 O-O 13. b3 Bb7 14. Rfe1 Nb4 15. Nf1
bxc4 16. bxc4 Bxf3 17. Bxf3 Bxg5 18. hxg5 Qxg5 19. a3 Nxd3 20. Qxd3 Nxe5 21. Qe2
Nxf3+ 22. Qxf3 h5 23. Qf4 Qxf4 24. gxf4 d3 25. Rab1 Kh7 26. Kg2 Kg6 27. Kf3 a5
28. Nd2 a4 29. Rb5 Rfd8 30. Rxc5 Rb2 31. Ke3 Ra2 32. Rh1 Rxa3 33. Rcxh5 f6 34.
Ra5 Rd7 35. Rc1 Ra2 36. Rc3 Ra1 37. c5 Re1+ 38. Kf3 Rd1 39. c6 Rc7 40. Ke3 Rh1
41. Rxa4 Kf5 42. Kxd3 e5 43. fxe5 fxe5 44. f3 g5 45. Rc5 Rh6 46. Re4 Re6 47.
Rec4 Rh6 48. Ke3 Rh1 49. Re4 Kf6 50. Rexe5 Re1+ 51. Kd4 Rd1 52. Kd3 Rxc6 53.
Rf5+ Ke6 54. Rce5+ Kd7 55. Ke2 Rcc1 56. Rxg5 Kd6 57. Rd5+ Kc6 58. Rc5+ 1-0

[Event "Saint Louis Blitz 2024"]
[Site "Saint Louis USA"]
[Date "2024.08.16"]
[Round "10.2"]
[White "Praggnanandhaa, R"]
[Black "Abdusattorov, Nodirbek"]
[Result "1-0"]
[WhiteTitle "GM"]
[BlackTitle "GM"]
[WhiteElo "2749"]
[BlackElo "2762"]
[WhiteFideId "25059530"]
[BlackFideId "14204118"]
[EventDate "2024.08.15"]

1. d4 e6 2. Nf3 Nf6 3. Bg5 d5 4. e3 Be7 5. Nbd2 Nbd7 6. Bd3 b6 7. O-O Bb7 8. Qe2
O-O 9. c3 Ne4 10. Bxe7 Qxe7 11. a4 e5 12. dxe5 Nec5 13. a5 Nxe5 14. Nxe5 Qxe5
15. Nf3 Qf6 16. Qc2 g6 17. Be2 Bc8 18. axb6 Bf5 19. Qd1 Qxb6 20. Qxd5 Be6 21.
Qd4 Qxb2 22. Qxc5 Qxe2 23. Rxa7 Rxa7 24. Qxa7 Bd5 25. Re1 Qb2 26. Qxc7 Ra8 27.
Qc5 Bxf3 28. gxf3 Ra2 29. e4 Ra3 30. Rd1 Ra8 31. Kg2 h5 32. Rd7 Qc1 33. Qe5 Rc8
34. Qf6 Rf8 35. h4 Qb2 36. Rd8 Rxd8 37. Qxd8+ Kh7 38. Qd5 Kg8 39. c4 Qf6 40. Qg5
Qc6 41. c5 Kg7 42. Qe5+ Kg8 43. Qd6 Qc8 44. c6 Qa6 1-0